Dumb & Poetic (Lyrics)- Sabrina Carpenter - Statistics

General Stats
  • This quiz has been taken 78 times
  • The average score is 138 of 173
Answer Stats
Answer % Correct
you
100%
a
97%
and
97%
And
97%
dumb
97%
I
97%
poetic
97%
your
97%
for
93%
it
93%
like
93%
so
93%
the
93%
You're
93%
you're
93%
It's
90%
it's
90%
just
90%
Just
90%
what
90%
Every
87%
you've
87%
act
83%
aesthetic
83%
already
83%
book
83%
Don't
83%
fall
83%
help
83%
is
83%
of
83%
read
83%
'cause
80%
doesn't
80%
make
80%
man
80%
one
80%
self
80%
think
80%
understand
80%
by
77%
in
77%
"love
77%
my
77%
well
77%
Well
77%
life
73%
mushrooms
73%
off
73%
promise
73%
talk
73%
that
73%
this
73%
to
73%
words
73%
all
70%
changing
70%
from
70%
Fuck
70%
head
70%
kind
70%
lyrics
70%
no
70%
quotation
70%
some
70%
with
70%
aren't
67%
car
67%
crashed
67%
empathetic
67%
favorite
67%
great
67%
invented
67%
Jack
67%
Leonard
67%
lines
67%
manipulation
67%
pick
67%
sad
67%
us
67%
wife
67%
you'd
67%
baby
63%
But
63%
Cherry
63%
Cohen
63%
communication
63%
everyone"
63%
soft
63%
spoken
63%
there's
63%
breakin'
60%
fast
60%
fetish
60%
hearts
60%
meditation
60%
put
60%
running
60%
situation
60%
they're
60%
wreckage
60%
come
57%
floor
57%
Try
57%
highbrow
53%
Save
53%
breath
50%
Gold
47%
star
47%
abandoned
23%
No matching quizzes found
Score Distribution
Percent of People with Each Score
Percentile by Number Answered
Your Score History
You have not taken this quiz